Vplyv IPsec zabezpečenia na kvalitu VoIP komunikácie
Saved in:
| Main Author: | |
|---|---|
| Other Authors: | |
| Format: | Manuscript Book |
| Language: | Slovak |
| Published: |
Bratislava :
STU v Bratislave FEI,
2009
|
| Subjects: | |
| Tags: |
No Tags, Be the first to tag this record!
|
MARC
| LEADER | 00000ntm a22000003a 4500 | ||
|---|---|---|---|
| 001 | stu195163 | ||
| 005 | 20150617230023.0 | ||
| 008 | 091030s2009------------------------slo-d | ||
| 040 | |a STU |b slo | ||
| 041 | 0 | |a slo | |
| 100 | 1 | |a Tisovský, Adam, |d 1986- |4 aut |u E070 |U FEI Fakulta elektrotechniky a informatiky |T FEI Ústav telekomunikácií |X 11872 |U E070 |Y 818 |7 A000011872 | |
| 245 | 1 | |a Vplyv IPsec zabezpečenia na kvalitu VoIP komunikácie | |
| 260 | |a Bratislava : |b STU v Bratislave FEI, |c 2009 | ||
| 650 | 7 | |a Telekomunikácie |2 stusub | |
| 650 | 7 | |a VoIP technológie |2 stusub | |
| 700 | 1 | |a Halás, Michal, |d 1978- |4 ths |u E070 |U FEI Fakulta elektrotechniky a informatiky |T FEI Ústav telekomunikácií |X 4895 |U E070 |Y 818 |7 A000004895 | |